000 00694nam a22001817a 4500
008 110427t xxu||||| |||| 00| 0 eng d
082 _a347.0504 KIA
100 _aKiapi, Paul Palia.
_91928
245 _aCivil Litigation Volume Two /
_cPaul Palia Kiapi . _
246 _aLaw of Contract.
250 _aRev. ed,
260 _c1999.
300 _axvi, 161p.;
_c30 cm.
362 _a2000.
942 _2ddc
_cBK
999 _c689
_d689